Environment matters: Annual review

Đã lưu trong:
书目详细资料
企业作者: World Bank
格式: 图书
语言:Undetermined
出版: Washington The World Bank Group 2004
主题:
标签: 添加标签
没有标签, 成为第一个标记此记录!
Thư viện lưu trữ: Trung tâm Học liệu Trường Đại học Cần Thơ
LEADER 00500nam a2200193Ia 4500
001 CTU_92199
008 210402s9999 xx 000 0 und d
082 |a 363 
082 |b W927 
110 |a World Bank 
245 0 |a Environment matters: 
245 0 |b Annual review 
245 0 |c World Bank 
260 |a Washington 
260 |b The World Bank Group 
260 |c 2004 
650 |a environmental engineering 
904 |i H.Nguyên 
980 |a Trung tâm Học liệu Trường Đại học Cần Thơ